Name the Premier League footballer - Statistics

General Stats
  • This quiz has been taken 49 times
  • The average score is 9 of 16
Answer Stats
Picture Answer % Correct
Bukayo Saka
98%
Jordan Pickford
93%
Ngolo Kante
91%
Bernardo Silva
84%
Jesse Lingard
70%
Joel Matip
61%
Scott Mctominay
59%
Ivan Toney
52%
Miguel Almiron
52%
Leon Bailey
45%
Tyler Adams
39%
Joao Palhinha
25%
Phillip Billing
25%
Said Benrahma
25%
Kyle Walker-Peters
20%
Ryan Sessegnon
18%
No matching quizzes found
Score Distribution
Percent of People with Each Score
Percentile by Number Answered
Your Score History
You have not taken this quiz